| 000 | 01007nam a2200289 i 4500 | ||
|---|---|---|---|
| 001 | bg | ||
| 100 | 1 | _aPritchard, Carl L. | |
| 245 | 0 |
_aZarządzanie ryzykiem w projektach : _bteoria i praktyka / _cCarl L. Pritchard ; przeł. Paweł Dąbrowski. |
|
| 246 |
_iTyt. oryg.: _aRisk management concepts and guidance |
||
| 260 |
_aWarszawa : _bWIG-Press, _c2001. |
||
| 300 |
_aX, 346 s. ; _c24 cm. |
||
| 490 | 1 | _aAkademia Zarządzania Projektami | |
| 500 | _aTyt. oryg.: "Risk management concepts and guidance". | ||
| 504 | _aBibliogr. | ||
| 650 | 9 |
_aRyzyko _xzarządzanie _xmetody |
|
| 650 | 9 | _aZarządzanie projektami | |
| 700 | 1 |
_aDąbrowski, Paweł. _eTł. |
|
| 830 | _aAkademia Zarządzania Projektami | ||
| 020 | _a8387014966 | ||
| 040 | _cBPK | ||
| 041 | 1 |
_apol _heng |
|
| 080 | _a658.1/.5.012.2/.4 | ||
| 920 | _a83-87014-96-6 | ||
| 942 | _cKS | ||
| 008 | s pl f |000 0 pol | ||
| 999 |
_c45990 _d45990 |
||
| 856 |
_uhttp://koha.tu.koszalin.pl/cgi-bin/koha/opac-detail.pl?biblionumber=45990 _yKatalog online BPK |
||